|
|
|
|
| LEADER |
01098nam a2200301 a 4500 |
| 001 |
2635 |
| 003 |
BD-DhAAL |
| 005 |
20150316114048.0 |
| 008 |
150316s1985 ilua b 001 0 eng |
| 010 |
|
|
|a 85071948
|
| 020 |
|
|
|a 0826940056
|
| 040 |
|
|
|a DLC
|c DLC
|d DLC
|d BD-DhAAL
|
| 050 |
0 |
0 |
|a LC4622
|b .S27 1985
|
| 082 |
0 |
0 |
|a 371.9/044
|2 19
|
| 100 |
2 |
|
|a Sarkees-Wircenski, Michelle.
|9 9746
|
| 245 |
1 |
0 |
|a Vocational special needs /
|c Michelle Donnelly Sarkees, John L. Scott.
|
| 250 |
|
|
|a 2nd ed.
|
| 260 |
|
|
|a [Alsip, Ill.] :
|b American Technical Publishers,
|c c1985.
|
| 300 |
|
|
|a 433 p. :
|b ill. ;
|c 29 cm.
|
| 504 |
|
|
|a Includes bibliographies and index.
|
| 541 |
|
|
|e 2635
|
| 650 |
|
0 |
|a Children with disabilities
|x Vocational education.
|9 9747
|
| 650 |
|
0 |
|a Vocational teachers
|x Training of.
|9 9748
|
| 650 |
|
0 |
|a Mainstreaming in education.
|9 9749
|
| 700 |
1 |
|
|a Scott, John L.
|9 9750
|
| 942 |
|
|
|2 ddc
|c BK
|
| 999 |
|
|
|c 34068
|d 34068
|
| 952 |
|
|
|0 0
|1 0
|2 ddc
|4 0
|6 371_904400000000000_SAR
|7 0
|9 53159
|a SCL
|b SCL
|c GEN
|d 2015-03-16
|e Gift: The Asia Foundation
|l 0
|o 371.9044 SAR
|p 3020002635
|r 2015-03-16
|t 1
|w 2015-03-16
|y BK
|